Chronica o comentaris / del gloriosissim e invictissim rei en Jacme Primer rei Darago, de Mallorques e de Valencia, Compte de Barcelona e de Montpesler ; dictada per aquell en sa llengua natural e de nou feyta estampar per Marian Aguiló y Fuster
Descripción Física:
535 p ; 19 cm
Colección:
Biblioteca Catalana
MARC
| LEADER | 00000nam a2200000Ia 4500 | ||
|---|---|---|---|
| 001 | 12867 | ||
| 008 | 160829s1873 xx 000 0 cat d | ||
| 080 | |a R-12-30 | ||
| 100 | 0 | |a Jaume |b I, |c rei de Catalunya-Aragó, |d 1208-1276 |9 22675 | |
| 245 | |a Chronica o comentaris / del gloriosissim e invictissim rei en Jacme Primer rei Darago, de Mallorques e de Valencia, Compte de Barcelona e de Montpesler ; dictada per aquell en sa llengua natural e de nou feyta estampar per Marian Aguiló y Fuster | ||
| 260 | |a Barcelona : |b Llibreria d'Alvar Verdaguer, |c 1873 | ||
| 300 | |a 535 p ; |c 19 cm | ||
| 490 | |a Biblioteca Catalana | ||
| 590 | |a Procendència : Casa Provincial de Caritat | ||
| 650 | |a Corona catalanoaragonesa |x História |x S. XIII |x Fonts |9 22676 | ||
| 901 | |a Arxiu | ||
| 942 | |n 1 | ||
| 952 | |0 0 |1 0 |4 0 |6 R1230 |7 1 |9 42290 |a Arxiu |b Arxiu |d 2016-12-01 |l 0 |o R-12-30 |p 12867 |r 2016-12-01 00:00:00 |w 2016-12-01 |y ARXIU | ||
| 999 | |c 44768 |d 44768 | ||